Southville International School and Colleges
Your cart is empty.
  • Cart
  • Lists
    Public lists Eva Luna New books Lux_list list_1
    Your lists Log in to create your own lists
  • Log in to your account
  • Your cookies
  • Search history
Southville International School and Colleges
  • Advanced search
  • Recent comments
  • Most popular
  • Libraries

Log in to your account

Log in with GOOGLE


If you do not have an external account, but do have a local account, you can still log in:

  1. Home
  2. MARC view: Stone soup :
Normal view MARC view ISBD view

Stone soup : (Record no. 111670)

[ view plain ]
MARC details
000 -LEADER
fixed length control field 00625nam a2200193 a 4500
001 - CONTROL NUMBER
control field 3995
005 - DATE AND TIME OF LATEST TRANSACTION
control field 20140414131919.0
008 - FIXED-LENGTH DATA ELEMENTS--GENERAL INFORMATION
fixed length control field 040601s19uu xx 00 eng d
020 ## - INTERNATIONAL STANDARD BOOK NUMBER
International Standard Book Number 0-8136-3556-X
050 ## - LIBRARY OF CONGRESS CALL NUMBER
Classification number ER
Item number St7 1987
100 ## - MAIN ENTRY--PERSONAL NAME
Personal name O'Toole, Mary
245 ## - TITLE STATEMENT
Title Stone soup :
Remainder of title an old Irish tale /
Statement of responsibility, etc retold by Mary O'Toole; illustrated by Christopher Meadows.
260 ## - PUBLICATION, DISTRIBUTION, ETC. (IMPRINT)
Place of publication, distribution, etc Hong Kong :
Name of publisher, distributor, etc Modern Curriculum,
Date of publication, distribution, etc 1987.
300 ## - PHYSICAL DESCRIPTION
Extent 8 p. : ill. ; cm.
520 ## - SUMMARY, ETC.
Summary, etc It tells about an old man who was cold and hungry and wanted sone food.
650 ## - SUBJECT ADDED ENTRY--TOPICAL TERM
Topical term or geographic name as entry element Folklore--Ireland.
650 ## - SUBJECT ADDED ENTRY--TOPICAL TERM
Topical term or geographic name as entry element Children stories.
Holdings
Withdrawn status Lost status Damaged status Use restrictions Home library Current library Shelving location Date acquired Source of acquisition Total Checkouts Full call number Barcode Date last seen Price effective from Koha item type
        Munich Library Munich Library Easy Reading Section 06/01/2004     ER St7 1987 M2525 04/14/2014 04/14/2014 Books

Stone soup :

APA

O'Toole M., . (1987). Stone soup. Hong Kong: Modern Curriculum.

Chicago

O'Toole Mary, . 1987. Stone soup. Hong Kong: Modern Curriculum.

Harvard

O'Toole M., . (1987). Stone soup. Hong Kong: Modern Curriculum.

MLA

O'Toole Mary, . Stone soup. Hong Kong: Modern Curriculum. 1987.

  • Place hold
  • Print
  • Cite
  • Add to your cart (remove)
  • Save record
    BIBTEX Dublin Core MARCXML MARC (non-Unicode/MARC-8) MARC (Unicode/UTF-8) MARC (Unicode/UTF-8, Standard) MODS (XML) RIS
  • More searches
    Search for this title in:
    Other Libraries (WorldCat) Other Databases (Google Scholar) Online Stores (Bookfinder.com) Open Library (openlibrary.org)

Exporting to Dublin Core...

SOUTHVILLE LIBRARY

Southville International School and Colleges Library

1281 Tropical Ave. Cor. Luxembourg St., BF Homes International, Las Pinas City

Tel. No. 8256374 / 252358 Loc. 117/146

Powered by Koha